000 00604nam 22001813 4500
001 199332
021 _aPT
_b69000/93
090 _a199332
100 _a20251202d u||y0pory50 ba
200 _aA Moita, os barcos e o Tejo
_froteiro e textos Luís Jorge Gonçalves
210 _aMoita
_cCâmara Municipal da Moita
215 _a57 p.
_cil. ; brochado
_d21 cm
606 _92051
_aAntropologia Cultural. Etnologia. Etnografia. Usos e Costumes. Tradições. Modo de vida. Folclore
675 _a39
_vPT
_zpor
700 _912478
_aGonçalves
_bLuís Jorge
801 _aPT
_bBMMN
_gRPC
830 _cVanda
990 _cLIVROS